"College Slam" Teams - Statistics

General Stats
  • This quiz has been taken 5 times
  • The average score is 26 of 44
Answer Stats
Conference Answer % Correct
ACC Duke
100%
Big Ten Indiana
100%
Big Ten Michigan
100%
Big Ten Michigan State
100%
ACC Virginia
100%
SEC Alabama
75%
SEC Arkansas
75%
ACC Boston College
75%
SEC Florida
75%
ACC Florida State
75%
Big Ten Maryland
75%
SEC Missouri
75%
ACC North Carolina
75%
Big Ten Ohio State
75%
Big Ten Penn State
75%
SEC South Carolina
75%
Big XII Texas
75%
Pac-12 UCLA
75%
Big Ten Wisconsin
75%
Pac-12 Arizona
50%
Pac-12 California-Berkeley
50%
American Connecticut
50%
Big East Georgetown
50%
SEC Georgia
50%
ACC Georgia Tech
50%
Big Ten Illinois
50%
Big Ten Iowa
50%
Big XII Kansas
50%
SEC Kentucky
50%
SEC LSU
50%
Big XII Oklahoma
50%
Big Ten Purdue
50%
ACC Syracuse
50%
Pac-12 USC
50%
Big East Villanova
50%
ACC Wake Forest
50%
American Cincinatti
25%
Atlantic 10 Massachusetts
25%
American Memphis
25%
Big Ten Nebraska
25%
ACC North Carolina State
25%
Big XII Oklahoma State
25%
Big East St. John's
25%
Mountain West UNLV
25%
No matching quizzes found
Score Distribution
Percent of People with Each Score
Percentile by Number Answered
Your Score History
You have not taken this quiz